000 00371 a2200145 4500
001 168890
020 _a
040 _cMagnum
100 _aRojo, Roxane (Org.)
240 1 0 _aA pratica da linguagem em sala de aula: praticando os pcns
_lpor
245 1 0 _aA pratica da linguagem em sala de aula: praticando os pcns
362 0 _a1899
697 _aENSINO
942 _cBK
999 _c168890
_d168890